000 00326nam a2200133Ia 4500
005 20251222155053.0
008 251222s9999||||xx |||||||||||||| ||spa||
082 _aCIE. 13.1
100 _aUniv. Cayetano Heredia.
245 0 _aCurso Intensivo Volumen I
250 _a3ra. ed.
264 _bCiencia y técnica
942 _cLIB
999 _c37371
_d37371